| 000 | 00500pab a2200193 454500 | ||
|---|---|---|---|
| 008 | 180718b2006 xxu||||| |||| 00| 0 eng d | ||
| 100 | _aCai, Hongbin | ||
| 245 | _aDid government decentralization cause China's economic miracle? | ||
| 260 | _c2006 | ||
| 300 | _ap.505-35. | ||
| 362 | _aJul | ||
| 650 | _aDecentralization - China | ||
| 650 | _aEconomic reform - China | ||
| 650 | _aEconomic reform | ||
| 700 | _aTreisman, Daniel | ||
| 773 | _aWorld Politics | ||
| 908 | _aN | ||
| 909 | _a73774 | ||
| 999 |
_c73774 _d73774 |
||